| 000 | 00714cam a2200157ua 4500 | ||
|---|---|---|---|
| 041 |
_aeng _h |
||
| 082 |
_a666.9 _bIND/ME |
||
| 110 | 1 |
_aIndian Standards Institution . _b _c() |
|
| 245 |
_aMethod of test for determining setting time of concrete by penetration peristance / _cIndian Standards Institution. _hTextual Documents |
||
| 250 |
_a1 / _b. |
||
| 260 |
_aNew Delhi : _bIndian Standards Institution , _c1983. |
||
| 300 | _a8 ; . | ||
| 504 | _a | ||
| 942 | _cBK | ||
| 999 |
_c9719 _d9719 |
||